[Event "Titled Tuesday intern op 21st Dec"]
[Site "Chess.com INT"]
[Date "2021.12.21"]
[Round "9"]
[White "Martin, Lewis"]
[Black "Osmak, Iulija"]
[Result "0-1"]
[WhiteElo "2196"]
[BlackElo "2419"]
[PlyCount "58"]
[EventDate "2021.12.21"]
[EventType "swiss (blitz)"]
[EventRounds "11"]
[EventCountry "USA"]
[SourceTitle "CBM 205 Extra"]
[Source "ChessBase"]
[SourceDate "2022.01.31"]
[SourceVersion "1"]
[SourceVersionDate "2022.01.31"]
[SourceQuality "1"]

1. e4 Nc6 2. Nf3 d6 3. d4 Bg4 4. c3 Nf6 5. Bd3 e5 6. d5 Ne7 7. h3 Bd7 8. Bg5 Ng6 9. Na3 Be7 10. g3 Nxd5 11. exd5 Bxg5 12. Nxg5 Qxg5 13. Qe2 h5 14. Nc2 h4 15. gxh4 Rxh4 16. Ne3 Nf4 17. Qf1 Bxh3 18. Rxh3 Rxh3 19. O-O-O Nxd3+ 20. Rxd3 Rh6 21. Kc2 O-O-O 22. a4 Rdh8 23. a5 Rh1 24. Qe2 a6 25. Rd2 R8h4 26. b4 Qg6+ 27. Rd3 Ra1 28. Kb2 Rhh1 29. Nc2 Rhb1# 0-1

[Event "Titled Tuesday intern op 21st Dec"]
[Site "Chess.com INT"]
[Date "2021.12.21"]
[Round "9"]
[White "Narayanan, Sunilduth Lyna"]
[Black "Shimelkov, Vasiliy"]
[Result "0-1"]
[WhiteElo "2658"]
[BlackElo "2159"]
[PlyCount "110"]
[EventDate "2021.12.21"]
[EventType "swiss (blitz)"]
[EventRounds "11"]
[EventCountry "USA"]
[SourceTitle "CBM 205 Extra"]
[Source "ChessBase"]
[SourceDate "2022.01.31"]
[SourceVersion "1"]
[SourceVersionDate "2022.01.31"]
[SourceQuality "1"]

1. f4 d5 2. Nf3 Nf6 3. e3 c5 4. Bb5+ Bd7 5. Bxd7+ Qxd7 6. O-O g6 7. d3 Bg7 8. Qe2 O-O 9. e4 e6 10. e5 Ne8 11. c4 Nc6 12. Nc3 Nc7 13. Kh1 f6 14. exf6 Rxf6 15. Bd2 Raf8 16. Rae1 Bh6 17. g3 R6f7 18. Nd1 Bg7 19. b3 e5 20. fxe5 Qg4 21. Ne3 Qh3 22. Nxd5 Nd4 23. Qg2 Qxg2+ 24. Kxg2 Nxf3 25. Rxf3 Rxf3 26. Nxc7 Rf2+ 27. Kh3 Rxd2 28. e6 Bf6 29. e7 Bxe7 30. Rxe7 Rxa2 31. Nd5 Rf7 32. Re8+ Kg7 33. Nf4 a6 34. Ne6+ Kh6 35. Nxc5 b6 36. Ne4 Rb2 37. g4 Rf3+ 38. Ng3 Rxd3 39. Re5 Rbxb3 40. g5+ Kg7 41. Re7+ Kg8 42. Rc7 a5 43. Ra7 Rbc3 44. Rc7 a4 45. Kg4 a3 46. Ne4 Rd4 47. Kf4 Rxe4+ 48. Kxe4 b5 49. c5 b4 50. c6 a2 51. Ra7 b3 52. Kd5 b2 53. Ra8+ Kf7 54. Kd6 Rxc6+ 55. Kxc6 a1=Q 0-1

[Event "Titled Tuesday intern op 21st Dec"]
[Site "Chess.com INT"]
[Date "2021.12.21"]
[Round "9"]
[White "Necula, Iulian"]
[Black "Bulatova, Kamaliya"]
[Result "0-1"]
[WhiteElo "1890"]
[BlackElo "2139"]
[PlyCount "74"]
[EventDate "2021.12.21"]
[EventType "swiss (blitz)"]
[EventRounds "11"]
[EventCountry "USA"]
[SourceTitle "CBM 205 Extra"]
[Source "ChessBase"]
[SourceDate "2022.01.31"]
[SourceVersion "1"]
[SourceVersionDate "2022.01.31"]
[SourceQuality "1"]

1. f4 d5 2. Nf3 c6 3. g3 g6 4. Bg2 Bg7 5. O-O Nf6 6. d3 O-O 7. c3 Re8 8. Ne5 Nbd7 9. d4 Nxe5 10. dxe5 Qb6+ 11. Kh1 Ng4 12. Qe1 Ne3 13. Bxe3 Qxe3 14. Rf3 Qb6 15. Qd2 Bf5 16. Na3 f6 17. exf6 exf6 18. h3 Qc7 19. Nc2 Qd7 20. Kh2 Be4 21. Re3 Bxc2 22. Qxc2 Rxe3 23. Qd2 Rae8 24. Bf3 f5 25. Rf1 a5 26. a3 b5 27. Rf2 Qe7 28. Kg2 b4 29. axb4 axb4 30. c4 dxc4 31. Bxc6 Rd8 32. Qc2 Qc5 33. Bf3 b3 34. Qc1 c3 35. bxc3 Qxc3 36. Qb1 Qc2 37. Qf1 b2 0-1

[Event "Titled Tuesday intern op 21st Dec"]
[Site "Chess.com INT"]
[Date "2021.12.21"]
[Round "9"]
[White "Nikulina, Alena"]
[Black "Dylag, Emilia"]
[Result "1-0"]
[WhiteElo "1923"]
[BlackElo "1956"]
[PlyCount "57"]
[EventDate "2021.12.21"]
[EventType "swiss (blitz)"]
[EventRounds "11"]
[EventCountry "USA"]
[SourceTitle "CBM 205 Extra"]
[Source "ChessBase"]
[SourceDate "2022.01.31"]
[SourceVersion "1"]
[SourceVersionDate "2022.01.31"]
[SourceQuality "1"]

1. e4 e5 2. Nf3 Nc6 3. Bb5 a6 4. Ba4 Nf6 5. O-O b5 6. Bb3 Bc5 7. c3 d6 8. d4 Bb6 9. Bg5 h6 10. Bh4 g5 11. Bg3 exd4 12. Nxd4 Nxd4 13. cxd4 O-O 14. e5 dxe5 15. dxe5 Qxd1 16. Rxd1 Ne4 17. Nd2 Nxg3 18. hxg3 Bb7 19. Nf3 Rfe8 20. Rd7 Rf8 21. e6 fxe6 22. Bxe6+ Kh8 23. Ne5 Bxf2+ 24. Kh2 Rf6 25. Nf7+ Kg8 26. Nxg5+ Kf8 27. Nh7+ Ke8 28. Nxf6+ Kf8 29. Rf7# 1-0

[Event "Titled Tuesday intern op 21st Dec"]
[Site "Chess.com INT"]
[Date "2021.12.21"]
[Round "9"]
[White "Okike, David"]
[Black "Budrewicz, Krzysztof"]
[Result "0-1"]
[WhiteElo "2167"]
[BlackElo "2183"]
[PlyCount "98"]
[EventDate "2021.12.21"]
[EventType "swiss (blitz)"]
[EventRounds "11"]
[EventCountry "USA"]
[SourceTitle "CBM 205 Extra"]
[Source "ChessBase"]
[SourceDate "2022.01.31"]
[SourceVersion "1"]
[SourceVersionDate "2022.01.31"]
[SourceQuality "1"]

1. e4 g6 2. d4 Bg7 3. Nf3 d6 4. c4 Bg4 5. Be3 Nc6 6. Be2 e5 7. d5 Bxf3 8. gxf3 Nd4 9. f4 Ne7 10. Nc3 O-O 11. fxe5 dxe5 12. Qd2 c5 13. O-O-O f5 14. f3 f4 15. Bf2 Nc8 16. h4 Nd6 17. Rh3 Qa5 18. Kb1 a6 19. Be1 b5 20. Bf1 bxc4 21. Ne2 Qb6 22. Nc3 Rab8 23. h5 g5 24. h6 Bf6 25. Ka1 Kh8 26. Bf2 Rg8 27. Rc1 Qa5 28. Kb1 Rb7 29. Be1 Rgb8 30. Nd1 Qa4 31. Qc3 Kg8 32. Bxc4 Qd7 33. Bf1 Kf8 34. Qxc5 Rc8 35. Qa3 Rxc1+ 36. Kxc1 Be7 37. Qxa6 Rc7+ 38. Bc3 Kf7 39. Qa8 Rc8 40. Qa6 N6b5 41. Rh2 Nxc3 42. Nxc3 Nxf3 43. Rc2 Nd4 44. Rd2 g4 45. Bc4 Bd6 46. Qb6 Rxc4 47. Kb1 f3 48. a4 Qc7 49. Qb5 Nxb5 0-1

[Event "Titled Tuesday intern op 21st Dec"]
[Site "Chess.com INT"]
[Date "2021.12.21"]
[Round "9"]
[White "Ovetchkin, Roman"]
[Black "Yedidia, Daniel"]
[Result "1-0"]
[WhiteElo "2518"]
[BlackElo "1991"]
[PlyCount "51"]
[EventDate "2021.12.21"]
[EventType "swiss (blitz)"]
[EventRounds "11"]
[EventCountry "USA"]
[SourceTitle "CBM 205 Extra"]
[Source "ChessBase"]
[SourceDate "2022.01.31"]
[SourceVersion "1"]
[SourceVersionDate "2022.01.31"]
[SourceQuality "1"]

1. d4 Nf6 2. c4 e6 3. Nf3 b6 4. Bf4 Bb7 5. e3 Bb4+ 6. Nfd2 c5 7. a3 Ba5 8. Nc3 cxd4 9. exd4 Bxc3 10. bxc3 O-O 11. Bd3 Nc6 12. Bd6 Re8 13. O-O Ne7 14. Re1 Ng6 15. Nf3 Qc8 16. Ne5 Rd8 17. a4 Nf4 18. Bf1 Ng6 19. Qd3 Bc6 20. a5 a6 21. axb6 Qb7 22. c5 Nd5 23. c4 Ndf4 24. Qg3 f6 25. Nxc6 Qxc6 26. Bxf4 1-0

[Event "Titled Tuesday intern op 21st Dec"]
[Site "Chess.com INT"]
[Date "2021.12.21"]
[Round "9"]
[White "Panesar, Vedant"]
[Black "Wagner, Dinara"]
[Result "0-1"]
[WhiteElo "2379"]
[BlackElo "2325"]
[PlyCount "200"]
[EventDate "2021.12.21"]
[EventType "swiss (blitz)"]
[EventRounds "11"]
[EventCountry "USA"]
[SourceTitle "CBM 205 Extra"]
[Source "ChessBase"]
[SourceDate "2022.01.31"]
[SourceVersion "1"]
[SourceVersionDate "2022.01.31"]
[SourceQuality "1"]

1. d4 Nf6 2. c4 e6 3. Nf3 d5 4. g3 dxc4 5. Bg2 Nc6 6. O-O Rb8 7. e3 b5 8. Qe2 Bb7 9. b3 cxb3 10. axb3 a6 11. Bd2 Be7 12. Rc1 O-O 13. Ne1 Nb4 14. Bxb7 Rxb7 15. Bxb4 Bxb4 16. Rxa6 Qd5 17. Qc2 c5 18. Nd3 Ne4 19. Nxb4 cxb4 20. Qc6 h5 21. Qxd5 exd5 22. f3 Ng5 23. Nd2 Re8 24. Kf2 Rbe7 25. Nf1 Re6 26. Ra7 Rf6 27. Nd2 Rfe6 28. Re1 Nh3+ 29. Kg2 Ng5 30. Kf2 Rc6 31. Ra2 Nh3+ 32. Kg2 Ng5 33. Kf2 Rc3 34. h4 Nh7 35. Rb2 Nf6 36. Re2 Nd7 37. Nb1 Rd3 38. Nd2 Nb6 39. Nf1 Nc8 40. Red2 Rc3 41. Rdc2 Nd6 42. Rd2 Nf5 43. Re2 Kh7 44. Re1 Kg6 45. Ree2 Re6 46. Re1 f6 47. Ree2 Rec6 48. Rb1 Rc2 49. Nd2 R6c3 50. Nf1 Rxe2+ 51. Kxe2 Rc2+ 52. Kd3 Rg2 53. Nd2 Rxg3 54. e4 dxe4+ 55. Kxe4 Nxh4 56. d5 Rg2 57. Kd3 Nf5 58. Ne4 Kf7 59. Rc1 h4 60. Rc7+ Ke8 61. d6 h3 62. Rb7 h2 63. d7+ Kd8 64. Nc5 Ke7 65. Ne6 Kxe6 66. d8=Q h1=Q 67. Qd7+ Ke5 68. Rxb5+ Kf4 69. Qxf5+ Kg3 70. Qg4+ Kf2 71. Qd4+ Kg3 72. Rf5 Qf1+ 73. Ke4 Re2+ 74. Kd5 Qg2 75. Qf4+ Kf2 76. Qd4+ Kf1 77. Qd1+ Re1 78. Qd3+ Re2 79. Rf4 Ke1 80. Rd4 Rd2 81. Qe3+ Qe2 82. Qf4 Rxd4+ 83. Kxd4 Qd2+ 84. Qxd2+ Kxd2 85. Kc4 f5 86. Kxb4 g5 87. Kc5 g4 88. fxg4 fxg4 89. b4 g3 90. b5 g2 91. b6 g1=Q+ 92. Kc6 Qg8 93. b7 Qb8 94. Kb6 Kc3 95. Kc6 Kc4 96. Kb6 Kd5 97. Ka6 Kc6 98. Ka5 Qxb7 99. Ka4 Qb2 100. Ka5 Qb5# 0-1

[Event "Titled Tuesday intern op 21st Dec"]
[Site "Chess.com INT"]
[Date "2021.12.21"]
[Round "9"]
[White "Papp, Petra"]
[Black "Ocelak, Jakub"]
[Result "1-0"]
[WhiteElo "2336"]
[BlackElo "2210"]
[PlyCount "65"]
[EventDate "2021.12.21"]
[EventType "swiss (blitz)"]
[EventRounds "11"]
[EventCountry "USA"]
[SourceTitle "CBM 205 Extra"]
[Source "ChessBase"]
[SourceDate "2022.01.31"]
[SourceVersion "1"]
[SourceVersionDate "2022.01.31"]
[SourceQuality "1"]

1. d4 Nf6 2. c4 g6 3. Nc3 Bg7 4. e4 O-O 5. h3 d6 6. Be3 e5 7. d5 Na6 8. g4 Nc5 9. f3 c6 10. Nge2 cxd5 11. cxd5 Bd7 12. Ng3 a5 13. Qd2 h5 14. gxh5 Nxh5 15. Nxh5 Qh4+ 16. Qf2 Qxh5 17. Be2 Bf6 18. O-O-O Qh4 19. Qg2 Kh7 20. Kb1 Rfb8 21. Bb5 Bc8 22. Bxc5 dxc5 23. d6 Be6 24. Nd5 Bxd5 25. Rxd5 Rd8 26. d7 b6 27. Rd6 Rab8 28. Bc4 Be7 29. Bxf7 Bxd6 30. Qxg6+ Kh8 31. Qxd6 Rb7 32. Be8 Qh7 33. Qf6+ 1-0

[Event "Titled Tuesday intern op 21st Dec"]
[Site "Chess.com INT"]
[Date "2021.12.21"]
[Round "9"]
[White "Pinheiro, Iung Alicio"]
[Black "Popadic, Dragan"]
[Result "1-0"]
[WhiteElo "2320"]
[BlackElo "2143"]
[PlyCount "69"]
[EventDate "2021.12.21"]
[EventType "swiss (blitz)"]
[EventRounds "11"]
[EventCountry "USA"]
[SourceTitle "CBM 205 Extra"]
[Source "ChessBase"]
[SourceDate "2022.01.31"]
[SourceVersion "1"]
[SourceVersionDate "2022.01.31"]
[SourceQuality "1"]

1. d4 Nf6 2. c4 g6 3. Nc3 Bg7 4. e4 d6 5. Nge2 O-O 6. Ng3 c5 7. d5 Nbd7 8. Be2 a6 9. a4 Rb8 10. O-O Qc7 11. Bg5 e5 12. dxe6 fxe6 13. Qd2 Ne5 14. Rad1 Ne8 15. f4 Nc6 16. e5 dxe5 17. Nce4 Nd4 18. Kh1 Bd7 19. fxe5 Rxf1+ 20. Rxf1 Bxe5 21. Be7 Bg7 22. Bxc5 Nf5 23. a5 Bc6 24. Bb6 Qe7 25. Bf3 Nf6 26. Nxf6+ Bxf6 27. Bxc6 bxc6 28. Ne4 Bg7 29. g4 Nh6 30. h3 Rf8 31. Rxf8+ Qxf8 32. Kg2 Nf7 33. Bc5 Qb8 34. b4 Qf4 35. Qxf4 1-0

[Event "Titled Tuesday intern op 21st Dec"]
[Site "Chess.com INT"]
[Date "2021.12.21"]
[Round "9"]
[White "Plotnikov, Pavel"]
[Black "Gabrielian, Artur"]
[Result "1-0"]
[WhiteElo "2297"]
[BlackElo "2464"]
[PlyCount "75"]
[EventDate "2021.12.21"]
[EventType "swiss (blitz)"]
[EventRounds "11"]
[EventCountry "USA"]
[SourceTitle "CBM 205 Extra"]
[Source "ChessBase"]
[SourceDate "2022.01.31"]
[SourceVersion "1"]
[SourceVersionDate "2022.01.31"]
[SourceQuality "1"]

1. e4 c5 2. Nf3 d6 3. g3 Nc6 4. Bg2 Nf6 5. d3 g6 6. O-O Bg7 7. c3 O-O 8. Re1 e5 9. a3 h6 10. b4 b6 11. Bb2 a5 12. b5 Na7 13. a4 Bb7 14. Nbd2 Nc8 15. d4 Qc7 16. Rc1 Re8 17. d5 Ne7 18. Nc4 Nh7 19. Nfd2 f5 20. f4 exf4 21. gxf4 fxe4 22. Nxe4 Nf5 23. Ng3 Nf6 24. Nxf5 gxf5 25. Qd3 Re4 26. Bxe4 fxe4 27. Qh3 Bxd5 28. Ne3 Qf7 29. Nxd5 Qxd5 30. c4 Qd2 31. Qe6+ Kh8 32. Bxf6 Rg8 33. Kh1 Qxf4 34. Bxg7+ Rxg7 35. Qxe4 Qf2 36. Rg1 Rf7 37. Qg2 Qf6 38. Qg8# 1-0

[Event "Titled Tuesday intern op 21st Dec"]
[Site "Chess.com INT"]
[Date "2021.12.21"]
[Round "9"]
[White "Postny, Evgeny"]
[Black "Dobrov, Vladimir"]
[Result "1-0"]
[WhiteElo "2557"]
[BlackElo "2478"]
[PlyCount "77"]
[EventDate "2021.12.21"]
[EventType "swiss (blitz)"]
[EventRounds "11"]
[EventCountry "USA"]
[SourceTitle "CBM 205 Extra"]
[Source "ChessBase"]
[SourceDate "2022.01.31"]
[SourceVersion "1"]
[SourceVersionDate "2022.01.31"]
[SourceQuality "1"]

1. d4 Nf6 2. c4 e6 3. Nf3 d5 4. g3 Bb4+ 5. Bd2 Be7 6. Bg2 O-O 7. O-O Nbd7 8. Qc2 c6 9. Rd1 b6 10. b3 Ba6 11. a4 Rc8 12. a5 b5 13. c5 b4 14. Bxb4 Ne4 15. e3 f5 16. Be1 g5 17. b4 g4 18. Nfd2 Rb8 19. Nxe4 fxe4 20. Nc3 Qe8 21. Nxe4 Qg6 22. Rac1 dxe4 23. Bxe4 Qh5 24. Bxc6 Rf6 25. Bxd7 Rh6 26. f4 gxf3 27. Qf2 Be2 28. c6 Bd6 29. Rd2 Bc7 30. Rc5 Qg4 31. d5 Kf8 32. dxe6 Ke7 33. Rxe2 fxe2 34. Rf5 Bxg3 35. Rf7+ Kd6 36. Qxg3+ Qxg3+ 37. Bxg3+ Kd5 38. Kf2 Rg8 39. Kxe2 1-0

[Event "Titled Tuesday intern op 21st Dec"]
[Site "Chess.com INT"]
[Date "2021.12.21"]
[Round "9"]
[White "Pourkashiyan, Atousa"]
[Black "Buksa, Nataliya"]
[Result "0-1"]
[WhiteElo "2322"]
[BlackElo "2401"]
[PlyCount "102"]
[EventDate "2021.12.21"]
[EventType "swiss (blitz)"]
[EventRounds "11"]
[EventCountry "USA"]
[SourceTitle "CBM 205 Extra"]
[Source "ChessBase"]
[SourceDate "2022.01.31"]
[SourceVersion "1"]
[SourceVersionDate "2022.01.31"]
[SourceQuality "1"]

1. e4 c5 2. Nf3 Nc6 3. d4 cxd4 4. Nxd4 Nf6 5. Nc3 e5 6. Ndb5 d6 7. Bg5 a6 8. Na3 b5 9. Nd5 Be7 10. Bxf6 Bxf6 11. c4 b4 12. Nc2 O-O 13. Be2 a5 14. O-O Be6 15. Qd3 Nb8 16. Rad1 Na6 17. Bf3 Bg5 18. Nde3 Be7 19. Qe2 Qc8 20. Bg4 Nc5 21. Bxe6 fxe6 22. f3 Qb7 23. b3 a4 24. bxa4 Rxa4 25. Qd2 Rxa2 26. Qxb4 Qa7 27. Kh1 Rb8 28. Qe1 Rbb2 29. Nb4 Re2 30. Qg3 Rxe3 31. Nxa2 Qxa2 32. Qf2 Qxf2 33. Rxf2 Rc3 34. Ra2 Rxc4 35. Ra7 Kf8 36. h3 Rb4 37. Kh2 Rb7 38. Rxb7 Nxb7 39. Rb1 Nc5 40. g4 Kf7 41. Rd1 Nb3 42. Kg3 Nd4 43. Ra1 d5 44. f4 Ne2+ 45. Kf3 Nxf4 46. exd5 exd5 47. Ra5 Ke6 48. Ra6+ Bd6 49. Ra7 e4+ 50. Kf2 Bc5+ 51. Kf1 Bxa7 0-1

[Event "Titled Tuesday intern op 21st Dec"]
[Site "Chess.com INT"]
[Date "2021.12.21"]
[Round "9"]
[White "Punin, Andrii"]
[Black "Shubin, Daniel"]
[Result "1-0"]
[WhiteElo "2289"]
[BlackElo "2080"]
[PlyCount "195"]
[EventDate "2021.12.21"]
[EventType "swiss (blitz)"]
[EventRounds "11"]
[EventCountry "USA"]
[SourceTitle "CBM 205 Extra"]
[Source "ChessBase"]
[SourceDate "2022.01.31"]
[SourceVersion "1"]
[SourceVersionDate "2022.01.31"]
[SourceQuality "1"]

1. e4 e6 2. d3 d5 3. Be2 Nf6 4. e5 Nfd7 5. d4 c5 6. c3 Nc6 7. Nf3 cxd4 8. cxd4 f6 9. exf6 Nxf6 10. O-O Bd6 11. Nc3 O-O 12. Bg5 Qb6 13. a3 Bd7 14. Bh4 Rae8 15. Bg3 Bxg3 16. hxg3 Ne4 17. Nxe4 dxe4 18. Ne5 Nxe5 19. dxe5 Bb5 20. Bxb5 Qxb5 21. Qd4 Rf5 22. Qxe4 Rxe5 23. Qd4 Rd5 24. Qxa7 Rd2 25. a4 Qxb2 26. Rab1 Qd4 27. Qxd4 Rxd4 28. Rxb7 Rxa4 29. Rd1 Rg4 30. Rdd7 Rg6 31. Kf1 h6 32. Ke2 e5 33. Ke3 Kh7 34. Re7 Rxe7 35. Rxe7 Rg5 36. Ke4 Kg6 37. Re6+ Kf7 38. Rxe5 Rg4+ 39. Kf3 Ra4 40. g4 g6 41. g5 h5 42. g3 Ra3+ 43. Kg2 Ra2 44. Re4 Ra5 45. f4 Ra2+ 46. Kf3 Ra3+ 47. Re3 Ra7 48. g4 hxg4+ 49. Kxg4 Rb7 50. Kf3 Rc7 51. Rd3 Rb7 52. Ke4 Re7+ 53. Kf3 Ra7 54. Rd4 Rb7 55. Kg4 Rc7 56. Kf3 Rb7 57. Rd6 Rc7 58. Rf6+ Kg7 59. Rd6 Rb7 60. Ke4 Kf7 61. Rf6+ Kg7 62. Ke5 Rb5+ 63. Ke4 Rb4+ 64. Kf3 Rb3+ 65. Kg4 Rb7 66. Rc6 Kf7 67. Kf3 Rb3+ 68. Ke4 Rb7 69. Rd6 Rb4+ 70. Ke5 Rb5+ 71. Rd5 Rb7 72. Rd6 Re7+ 73. Kd4 Ra7 74. Rf6+ Kg7 75. Ke4 Ra4+ 76. Kf3 Ra3+ 77. Kg4 Ra7 78. Re6 Kf7 79. Rd6 Rb7 80. Rd4 Rc7 81. Rb4 Ra7 82. Kf3 Ra3+ 83. Ke4 Ra7 84. Rb6 Re7+ 85. Kd5 Rd7+ 86. Rd6 Re7 87. Kc6 Re4 88. Rd7+ Ke6 89. Rd6+ Kf7 90. Rf6+ Kg7 91. Kd6 Rd4+ 92. Ke5 Ra4 93. Rd6 Ra5+ 94. Ke6 Ra4 95. Rd7+ Kf8 96. Rf7+ Kg8 97. Rd7 Kf8 98. f5 1-0

[Event "Titled Tuesday intern op 21st Dec"]
[Site "Chess.com INT"]
[Date "2021.12.21"]
[Round "9"]
[White "Quirke, Jeffrey"]
[Black "Matveeva, Olga"]
[Result "0-1"]
[WhiteElo "2086"]
[BlackElo "2171"]
[PlyCount "100"]
[EventDate "2021.12.21"]
[EventType "swiss (blitz)"]
[EventRounds "11"]
[EventCountry "USA"]
[SourceTitle "CBM 205 Extra"]
[Source "ChessBase"]
[SourceDate "2022.01.31"]
[SourceVersion "1"]
[SourceVersionDate "2022.01.31"]
[SourceQuality "1"]

1. d4 d5 2. c4 e6 3. Nc3 Nf6 4. cxd5 exd5 5. Bg5 Be7 6. e3 c6 7. Bd3 Bg4 8. Qb3 Qc8 9. Rc1 O-O 10. Bxf6 Bxf6 11. Nxd5 Bh4 12. Nc3 Nd7 13. Nge2 Nf6 14. O-O Re8 15. Ng3 Bxg3 16. hxg3 Qd7 17. Qc2 Rad8 18. Ne4 Nd5 19. a3 g6 20. Nc5 Qe7 21. Rfe1 Kg7 22. b4 h5 23. Qb2 h4 24. gxh4 Qxh4 25. f3 Bc8 26. Qf2 Qh5 27. Bc4 Rh8 28. Qg3 Nxe3 29. Rxe3 Qh1+ 30. Kf2 Qxc1 31. Qe5+ Kh7 32. Bxf7 Qd2+ 33. Re2 Qxd4+ 34. Qxd4 Rxd4 35. Re7 Kg7 36. Be6+ Kf6 37. Rf7+ Kg5 38. Bxc8 Rxc8 39. Rxb7 Rd2+ 40. Ke3 Rxg2 41. Rxa7 Re8+ 42. Kd3 Kf4 43. a4 Kxf3 44. a5 g5 45. a6 Ra2 46. Rf7+ Kg2 47. a7 g4 48. Kc4 g3 49. Kb3 Ra1 50. Kb2 Rae1 0-1

[Event "Titled Tuesday intern op 21st Dec"]
[Site "Chess.com INT"]
[Date "2021.12.21"]
[Round "9"]
[White "Romanchuk, Viktor"]
[Black "Vianello, Enrico"]
[Result "1-0"]
[WhiteElo "2266"]
[BlackElo "2051"]
[PlyCount "39"]
[EventDate "2021.12.21"]
[EventType "swiss (blitz)"]
[EventRounds "11"]
[EventCountry "USA"]
[SourceTitle "CBM 205 Extra"]
[Source "ChessBase"]
[SourceDate "2022.01.31"]
[SourceVersion "1"]
[SourceVersionDate "2022.01.31"]
[SourceQuality "1"]

1. d4 Nf6 2. c4 e6 3. Nc3 d5 4. Nf3 Bb4 5. cxd5 exd5 6. Bg5 h6 7. Bxf6 Qxf6 8. e3 c6 9. Qc2 Bf5 10. Qb3 Qe7 11. Be2 O-O 12. O-O a5 13. Rac1 Na6 14. Bxa6 Rxa6 15. Na4 Be4 16. Ne5 Bd6 17. Nc5 Ra7 18. Qb6 Bxc5 19. Qxc5 Raa8 20. Qxe7 1-0

[Event "Titled Tuesday intern op 21st Dec"]
[Site "Chess.com INT"]
[Date "2021.12.21"]
[Round "9"]
[White "Rozhkov, Viacheslav"]
[Black "Kucuksari, Kaan"]
[Result "1-0"]
[WhiteElo "2248"]
[BlackElo "2337"]
[PlyCount "131"]
[EventDate "2021.12.21"]
[EventType "swiss (blitz)"]
[EventRounds "11"]
[EventCountry "USA"]
[SourceTitle "CBM 205 Extra"]
[Source "ChessBase"]
[SourceDate "2022.01.31"]
[SourceVersion "1"]
[SourceVersionDate "2022.01.31"]
[SourceQuality "1"]

1. e4 c6 2. d4 d5 3. e5 c5 4. dxc5 Nc6 5. Nf3 Bg4 6. c3 e6 7. Be3 Nge7 8. h3 Bxf3 9. Qxf3 Nf5 10. Bb5 Qc7 11. Bd4 Be7 12. O-O O-O 13. Bxc6 Qxc6 14. Nd2 Bxc5 15. Nb3 Bxd4 16. cxd4 a5 17. Rfc1 Qb6 18. g4 Nxd4 19. Qe3 a4 20. Qxd4 Qb5 21. Rc5 Qb6 22. Nd2 Ra5 23. Rxd5 Qxd4 24. Rxd4 Rxe5 25. Rc1 b5 26. Rc7 Re1+ 27. Kg2 Ra1 28. a3 Ra2 29. Rb4 Rd8 30. Rxb5 h5 31. Ne4 hxg4 32. hxg4 Rd4 33. f3 Rd5 34. Rbb7 Rd3 35. Rxf7 Rxb2+ 36. Rxb2 Kxf7 37. Rb7+ Kg6 38. Rb6 Rxa3 39. Rxe6+ Kf7 40. Ng5+ Kf8 41. Ra6 Ke7 42. Ne4 Ra1 43. Ra7+ Kf8 44. g5 g6 45. Kg3 Ke8 46. Kf4 Kd8 47. Ke5 Kc8 48. Kf6 Kb8 49. Ra5 Kb7 50. Kxg6 Kb6 51. Ra8 Kb7 52. Rd8 a3 53. Rd3 Kc6 54. f4 Kb5 55. f5 Kc4 56. Rf3 Kd4 57. Nd6 Kc5 58. Rd3 a2 59. Ne4+ Kc4 60. Ra3 Kb4 61. Ra8 Kc4 62. f6 Kd5 63. f7 Rf1 64. Rxa2 Kxe4 65. Ra6 Rb1 66. Rf6 1-0

[Event "Titled Tuesday intern op 21st Dec"]
[Site "Chess.com INT"]
[Date "2021.12.21"]
[Round "9"]
[White "Sailer, Mike L"]
[Black "Avazkhonov, Alikhon"]
[Result "0-1"]
[WhiteElo "2109"]
[BlackElo "1538"]
[PlyCount "44"]
[EventDate "2021.12.21"]
[EventType "swiss (blitz)"]
[EventRounds "11"]
[EventCountry "USA"]
[SourceTitle "CBM 205 Extra"]
[Source "ChessBase"]
[SourceDate "2022.01.31"]
[SourceVersion "1"]
[SourceVersionDate "2022.01.31"]
[SourceQuality "1"]

1. d4 Nf6 2. Nf3 g6 3. Bf4 Bg7 4. e3 O-O 5. Be2 d6 6. O-O Nbd7 7. h3 b6 8. c4 Bb7 9. Nc3 Ne4 10. Nxe4 Bxe4 11. a4 a5 12. Rc1 e5 13. Bg5 f6 14. Bh4 g5 15. Bg3 f5 16. Nd2 Bb7 17. f4 exd4 18. exd4 Bxd4+ 19. Kh1 Bxb2 20. Rb1 Bg7 21. fxg5 Qxg5 22. Bf4 Qxg2# 0-1

[Event "Titled Tuesday intern op 21st Dec"]
[Site "Chess.com INT"]
[Date "2021.12.21"]
[Round "9"]
[White "Santos Ruiz, Miguel"]
[Black "Perez Gormaz, Matias Ariel"]
[Result "1-0"]
[WhiteElo "2596"]
[BlackElo "2404"]
[PlyCount "75"]
[EventDate "2021.12.21"]
[EventType "swiss (blitz)"]
[EventRounds "11"]
[EventCountry "USA"]
[SourceTitle "CBM 205 Extra"]
[Source "ChessBase"]
[SourceDate "2022.01.31"]
[SourceVersion "1"]
[SourceVersionDate "2022.01.31"]
[SourceQuality "1"]

1. e4 c5 2. Nf3 d6 3. d4 cxd4 4. Nxd4 Nf6 5. Nc3 a6 6. Be2 e5 7. Nb3 Be7 8. Be3 O-O 9. g4 Be6 10. g5 Nfd7 11. h4 Nb6 12. Qd2 N8d7 13. f4 Rc8 14. f5 Bc4 15. Bd3 d5 16. exd5 Bb4 17. Be4 Na4 18. a3 Bxc3 19. bxc3 Ndb6 20. d6 Qd7 21. f6 Qg4 22. Bxb7 Rb8 23. Qg2 Qe6 24. Bf3 Nd5 25. Bd2 e4 26. Bg4 Qxd6 27. fxg7 Rfe8 28. Nd4 e3 29. Bc1 Naxc3 30. Nf5 Qe5 31. Rh3 Nf4 32. Qf3 Rbd8 33. Qxe3 Nxh3 34. Qxe5 Rxe5+ 35. Be3 Nf4 36. Nh6+ Kxg7 37. Kf2 Nfd5 38. Bd4 1-0

[Event "Titled Tuesday intern op 21st Dec"]
[Site "Chess.com INT"]
[Date "2021.12.21"]
[Round "9"]
[White "Sargsyan, Anna M"]
[Black "Sokolovsky, Yahli"]
[Result "0-1"]
[WhiteElo "2368"]
[BlackElo "2390"]
[PlyCount "136"]
[EventDate "2021.12.21"]
[EventType "swiss (blitz)"]
[EventRounds "11"]
[EventCountry "USA"]
[SourceTitle "CBM 205 Extra"]
[Source "ChessBase"]
[SourceDate "2022.01.31"]
[SourceVersion "1"]
[SourceVersionDate "2022.01.31"]
[SourceQuality "1"]

1. d4 d5 2. c4 c6 3. Nc3 e6 4. Nf3 f5 5. h3 Nf6 6. Ne5 Bd6 7. g4 Nbd7 8. gxf5 exf5 9. cxd5 Nxe5 10. dxe5 Bxe5 11. dxc6 Qxd1+ 12. Nxd1 bxc6 13. Bg2 Ne4 14. Ne3 Be6 15. O-O Rb8 16. Rd1 Ke7 17. f3 Nf6 18. Kf2 f4 19. Nc2 Bxb2 20. Bxb2 Rxb2 21. Nd4 Bd5 22. h4 Kf7 23. Rac1 Re8 24. Bf1 Rb6 25. Nf5 Rd8 26. Bh3 g6 27. Nd4 Re8 28. Rd2 Re3 29. Rc5 Nh5 30. Ra5 a6 31. Bc8 Bc4 32. Rc5 Bd5 33. a4 Ng3 34. a5 Rb1 35. Bxa6 Rf1+ 36. Kg2 Ra3 37. Nxc6 Bxc6 38. Rxc6 Kg7 39. Kh3 Rh1+ 40. Kg4 Rxa5 41. Kxf4 Nh5+ 42. Ke3 Rxh4 43. Bd3 Rf4 44. Be4 Rf6 45. Rd7+ Rf7 46. Rd8 Nf6 47. Rcc8 Ra3+ 48. Kd2 Nxe4+ 49. fxe4 Re7 50. Rg8+ Kf6 51. Rcf8+ Kg5 52. Re8 Raa7 53. Rb8 Rxe4 54. Rgf8 Rd7+ 55. Ke1 Rde7 56. Rb2 h5 57. Kf2 Rf4+ 58. Rxf4 Kxf4 59. Rb6 Kf5 60. Rb5+ Kg4 61. Rb6 Kf5 62. Rb8 h4 63. Rh8 Kg4 64. e3 g5 65. Rg8 Rf7+ 66. Ke2 h3 67. Rh8 Kg3 68. Rh7 Rxh7 0-1